La muerte no existe : (Registro nro. 21774)

Detalles MARC
000 -Cabecera
Campo de control interno 00770nam a2200241Ia 4500
005 - Fecha y hora del registro
control field 20260320113311.0
008 - Elementos de Longitud Fija
fixed length control field 260320s9999||||xx |||||||||||||| ||und||
041 ## - Idioma
Codigo Idioma ESP
082 ## - DEWEY y NOTACIÓN INTERNA
Dewey 571.939
Notación Interna M36
100 ## - AUTOR
Autor denominación Medina Rueda, Walter A.,
Término de relación autor
245 #0 - TÍTULO DE MATERIAL BIBLIOGRÁFICO
Título La muerte no existe :
Título paralelo apoptosis, un ensayo filosófico
246 ## - TÍTULO TRADUCIDO
Título
Título paralelo
Autor
250 ## - EDICIÓN
Edición Primera edición
260 ## - CIUDAD, EDITORIAL, AÑO
Ciudad Arequipa :
Nombre de la Editorial La Ciudad Producciones,
Año 2016
300 ## - DESCRIPCIÓN
N° Páginas 121 páginas :
Otros detalles
Dimensiones 20 cm.
Material Adicional
440 ## - MENCIÓN DE SERIE
Título de la Serie
Número de Serie
Volumen de Serie
650 ## - TEMAS
Temas Tecnología (Ciencias Aplicadas)
653 ## - DESCRIPTORES
Lenguajes no controlado Fisiología humana; Muerte; Biología molecular
700 ## - OTROS AUTORES
Otros autores
Títulos y otras palabras asociadas con el nombre
856 ## - URL - UBICACIÓN
URI/URL: Enlace exacto del recurso <a href="https://accessmedicina-mhmedical-com.ucsp.lookproxy.com/">https://accessmedicina-mhmedical-com.ucsp.lookproxy.com/</a>
Nota pública: Versión digital <a href="Véase además: Base de datos McGraw Hill Access Medicina">Véase además: Base de datos McGraw Hill Access Medicina</a>
942 ## - ELEMENTOS DE KOHA
Tipo de documento Libro
Nombre del creador Justo Noguera
Código de catalogador Margarita Torres
Esquema de clasificación Dewey Decimal Classification
Suppress in OPAC
Existencias
Codigo completo Registro Colección Copia número Disponibilidad Tipo de préstamo Biblioteca Actual Procedencia (Biblioteca) Ubicacón Fecha Ingreso Tipo de Adquisición Date last seen Total checkouts Price effective from Tipo de Item Estado del Material Fuente de Clasificación Damaged status Withdrawn status
571.939 M36 1085331 Universidad Católica San Pablo 1 Disponible Disponible Víctor Andrés Belaunde Víctor Andrés Belaunde Segundo piso 07/04/2026 Donación 07/04/2026   07/04/2026 Libro Bueno Dewey Decimal Classification